[Event "7. Rilton Cup 2007/2008"]
[Site "Stockholm SWE"]
[Date "2008.01.05"]
[Round "9.4"]
[White "Farago, Ivan"]
[Black "Agrest, Evgenij"]
[Result "1/2-1/2"]
[PlyCount "37"]
[EventDate "2007.12.27"]
[EventType "swiss"]
[EventRounds "9"]
[EventCountry "SWE"]
[Source "lmi"]
[SourceDate "2008.12.27"]
[WhiteElo "2505"]
[BlackElo "2541"]

1. d4 d6 2. Nf3 g6 3. c4 Bg7 4. Nc3 Bg4 5. e3 c5 6. Be2 cxd4 7. exd4 Nh6 8. O-O
O-O 9. Bd2 Nf5 10. d5 Nd7 11. h3 Bxf3 12. Bxf3 Ne5 13. Be2 a6 14. Rc1 Re8 15.
b3 Qb6 16. Bg4 Nh6 17. Be2 Nf5 18. Bg4 Nh6 19. Be2 1/2-1/2

[Event "7. Rilton Cup 2007/2008"]
[Site "Stockholm SWE"]
[Date "2008.01.05"]
[Round "9.5"]
[White "Berg, Emanuel"]
[Black "Szabo, Krisztian"]
[Result "1/2-1/2"]
[PlyCount "97"]
[EventDate "2007.12.27"]
[EventType "swiss"]
[EventRounds "9"]
[EventCountry "SWE"]
[Source "lmi"]
[SourceDate "2008.12.27"]
[WhiteElo "2593"]
[BlackElo "2492"]

1. e4 c5 2. Nf3 d6 3. d4 cxd4 4. Nxd4 Nf6 5. Nc3 a6 6. Bg5 e6 7. f4 Nbd7 8. Qf3
Qc7 9. O-O-O b5 10. Bd3 Bb7 11. Rhe1 Qb6 12. Nb3 b4 13. Nb1 Qc7 14. N1d2 Be7
15. Qh3 Rc8 16. Kb1 e5 17. Nc4 O-O 18. Ne3 Rfe8 19. Nf5 Bf8 20. fxe5 dxe5 21.
Re3 Re6 22. Rf1 a5 23. Rg3 Nxe4 24. Be7 Nxg3 25. Bd8 e4 26. Bxc7 Nxf1 27. Bxf1
Rxc7 28. Qg3 Rc8 29. Bb5 Nb6 30. Nxa5 Ba8 31. Nb3 Rd8 32. a4 bxa3 33. Nbd4 Rg6
34. Qc7 Rc8 35. Ne7+ Bxe7 36. Qxe7 axb2 37. Nf5 Nd5 38. Qd7 Rb8 39. c4 Rgb6 40.
Nd6 Nc3+ 41. Kxb2 Nxb5 42. cxb5 Bd5 43. Kc3 Be6 44. Qe7 h6 45. Kd4 Rxd6+ 46.
Qxd6 Rxb5 47. Kxe4 h5 48. g3 Rf5 49. Ke3 1/2-1/2

[Event "7. Rilton Cup 2007/2008"]
[Site "Stockholm SWE"]
[Date "2008.01.05"]
[Round "9.7"]
[White "Grandelius, Nils"]
[Black "Kulaots, Kaido"]
[Result "0-1"]
[PlyCount "82"]
[EventDate "2007.12.27"]
[EventType "swiss"]
[EventRounds "9"]
[EventCountry "SWE"]
[Source "lmi"]
[SourceDate "2008.12.27"]
[WhiteElo "2377"]
[BlackElo "2547"]

1. d4 Nf6 2. c4 e6 3. Nf3 d5 4. g3 a6 5. Nbd2 c5 6. cxd5 exd5 7. Bg2 Nc6 8. O-O
h6 9. Re1 cxd4 10. Nb3 Bd6 11. Nbxd4 O-O 12. b3 Re8 13. Bb2 Bg4 14. Rc1 Rc8 15.
Qd3 Ne4 16. Red1 Qb6 17. e3 Bf8 18. Qb1 Qa5 19. h3 Bh5 20. Ne2 d4 21. Nfxd4
Nxd4 22. Rxd4 Nd2 23. Qd3 Rxc1+ 24. Nxc1 Nf3+ 25. Bxf3 Bxf3 26. Bc3 Qh5 27. e4
f5 28. exf5 Bc6 29. g4 Qh4 30. b4 Be7 31. Qg3 Qxg3+ 32. fxg3 Bg5 33. Rd1 Re3
34. Be1 Bf3 35. Rd3 Be4 36. Rd1 Bc2 37. Rd7 Rxe1+ 38. Kf2 Rxc1 39. h4 Bf6 40.
Rc7 Bd4+ 41. Ke2 Bd1+ 0-1

[Event "7. Rilton Cup 2007/2008"]
[Site "Stockholm SWE"]
[Date "2008.01.05"]
[Round "9.10"]
[White "Karlsson, Lars"]
[Black "Smith, Axel"]
[Result "1-0"]
[PlyCount "115"]
[EventDate "2007.12.27"]
[EventType "swiss"]
[EventRounds "9"]
[EventCountry "SWE"]
[Source "lmi"]
[SourceDate "2008.12.27"]
[WhiteElo "2485"]
[BlackElo "2384"]

1. g3 Nf6 2. Bg2 d5 3. c4 c6 4. Nf3 Bf5 5. b3 e6 6. Bb2 h6 7. O-O Bd6 8. d3 O-O
9. Nbd2 Bh7 10. a3 Nbd7 11. b4 e5 12. e4 dxe4 13. dxe4 Qe7 14. Nh4 Rfe8 15. Re1
Rad8 16. Qc2 c5 17. b5 Nf8 18. Nf5 Qc7 19. Nf3 Ne6 20. Nxd6 Qxd6 21. Bxe5 Nd4
22. Nxd4 Qxe5 23. Nf3 Qe6 24. Nd2 b6 25. f3 Re7 26. Rad1 Red7 27. Nf1 h5 28.
Ne3 h4 29. Rxd7 Rxd7 30. Rd1 hxg3 31. hxg3 Kf8 32. Rxd7 Nxd7 33. Kf2 Ne5 34. f4
Ng4+ 35. Nxg4 Qxg4 36. Qd2 Qe6 37. Qd8+ Qe8 38. Qxe8+ Kxe8 39. Ke3 Ke7 40. e5
Bf5 41. Bd5 Kf8 42. Be4 Be6 43. Bd3 g6 44. Kf3 Ke7 45. g4 Ke8 46. f5 gxf5 47.
gxf5 Bc8 48. Kf4 Ke7 49. Be4 Bd7 50. Bc6 Bc8 51. Kg5 a6 52. a4 a5 53. Kg4 Kf8
54. Kf4 Kg8 55. Kg5 Kg7 56. Be4 Bd7 57. Bd5 Bc8 58. Bc6 1-0

[Event "7. Rilton Cup 2007/2008"]
[Site "Stockholm SWE"]
[Date "2008.01.05"]
[Round "9.11"]
[White "Ask, Josef"]
[Black "Carlsson, Pontus"]
[Result "*"]
[PlyCount "132"]
[EventDate "2007.12.27"]
[EventType "swiss"]
[EventRounds "9"]
[EventCountry "SWE"]
[Source "lmi"]
[SourceDate "2008.12.27"]
[WhiteElo "2235"]
[BlackElo "2481"]

1. e4 c5 2. c3 d5 3. exd5 Qxd5 4. d4 g6 5. Nf3 Nf6 6. Be2 Bg7 7. O-O O-O 8. Ne5
cxd4 9. cxd4 Nc6 10. Bf3 Qd6 11. Nxc6 bxc6 12. Nc3 Be6 13. h3 Bd5 14. Be3 Qb4
15. Rb1 Rad8 16. a3 Qb8 17. Qe2 Qb3 18. Rfc1 Bc4 19. Qd1 Qb7 20. b3 Bd5 21. Qe2
Bxf3 22. Qxf3 Nd5 23. Na4 Nxe3 24. fxe3 e5 25. Qxc6 Qe7 26. Qc5 Qg5 27. Rc3 Qg3
28. Rd1 exd4 29. exd4 Qh4 30. Rcd3 Rfe8 31. Qc4 Re1+ 32. Rxe1 Qxe1+ 33. Kh2 Bf8
34. Qc2 Bd6+ 35. g3 Re8 36. Nc3 h5 37. h4 g5 38. hxg5 h4 39. Kg2 Bxg3 40. Rf3
Re3 41. Rxe3 Qxe3 42. Ne4 Kg7 43. Qc6 h3+ 44. Kxh3 Be5+ 45. Kg4 Qf4+ 46. Kh5
Qf3+ 47. Kh4 Bg3+ 48. Kh3 Bd6+ 49. Kh4 Qh1+ 50. Kg4 Qg2+ 51. Kh4 Qh2+ 52. Kg4
Qg2+ 53. Kh4 Qh2+ 54. Kg4 Qf4+ 55. Kh3 Qf3+ 56. Kh4 Qh1+ 57. Kg4 Qd1+ 58. Kh3
Qf3+ 59. Kh4 Qh1+ 60. Kg4 Qg2+ 61. Kh4 Qh1+ 62. Kg4 Qd1+ 63. Kh3 Qf1+ 64. Kg4
Qg2+ 65. Kh4 Bg3+ 66. Kg4 Bd6+ *

[Event "7. Rilton Cup 2007/2008"]
[Site "Stockholm SWE"]
[Date "2008.01.05"]
[Round "9.14"]
[White "Henriksson, Johan"]
[Black "Ernst, Thomas"]
[Result "1/2-1/2"]
[PlyCount "134"]
[EventDate "2007.12.27"]
[EventType "swiss"]
[EventRounds "9"]
[EventCountry "SWE"]
[Source "lmi"]
[SourceDate "2008.12.27"]
[WhiteElo "2197"]
[BlackElo "2450"]

1. d4 Nf6 2. Nf3 g6 3. g3 Bg7 4. Bg2 O-O 5. O-O d5 6. c4 c6 7. cxd5 cxd5 8. Nc3
Nc6 9. Ne5 e6 10. Bg5 h6 11. Bxf6 Bxf6 12. Nxc6 bxc6 13. Na4 Rb8 14. Qd2 e5 15.
dxe5 Bxe5 16. Rac1 Qd6 17. b3 Bg7 18. Rc2 Re8 19. Rfc1 Qe5 20. e3 Bd7 21. Nc5
Bf5 22. Nd3 Qe7 23. Rxc6 d4 24. exd4 Qe2 25. Qxe2 Rxe2 26. Ne5 Rd8 27. g4 Be6
28. d5 Rxd5 29. Bxd5 Bxd5 30. Rc8+ Kh7 31. Nd3 Rd2 32. Nf4 Bf3 33. R8c2 Rd4 34.
Rc4 Rd2 35. Ng2 Rxa2 36. Ne3 h5 37. gxh5 Bxh5 38. Ra4 Rb2 39. Rxa7 g5 40. Rb7
Kg6 41. Nc4 Ra2 42. Rd7 Bg4 43. Rd2 Ra7 44. b4 Be6 45. Ne3 Rb7 46. Rb1 Bc3 47.
Rdb2 Bxb2 48. Rxb2 Kf6 49. Kf1 Ke5 50. Ke2 f5 51. Kd3 Rd7+ 52. Kc3 Rc7+ 53. Kd2
f4 54. Nc2 Rh7 55. b5 Bd5 56. Nb4 Rxh2 57. Nd3+ Kd6 58. Kc3 Rh8 59. Kd4 Re8 60.
Nc5 Re1 61. b6 Rd1+ 62. Nd3 Bb7 63. Kc3 Kc6 64. Ne5+ Kc5 65. Nd3+ Kc6 66. Ne5+
Kc5 67. Nd3+ Kc6 1/2-1/2

[Event "7. Rilton Cup 2007/2008"]
[Site "Stockholm SWE"]
[Date "2008.01.05"]
[Round "9.15"]
[White "Lindberg, Henrik"]
[Black "Stokke, Kjetil"]
[Result "0-1"]
[PlyCount "86"]
[EventDate "2007.12.27"]
[EventType "swiss"]
[EventRounds "9"]
[EventCountry "SWE"]
[Source "lmi"]
[SourceDate "2008.12.27"]
[WhiteElo "2254"]
[BlackElo "2372"]

1. e4 c5 2. Nf3 Nc6 3. d4 cxd4 4. Nxd4 g6 5. Nc3 Bg7 6. Nb3 Nf6 7. Be2 d6 8.
O-O O-O 9. Bg5 Be6 10. Re1 Rc8 11. Bf1 Ne5 12. Nd5 Nc4 13. Bxc4 Rxc4 14. Qd3
Rc8 15. c3 Re8 16. Qb5 b6 17. Rad1 Bg4 18. f3 Bd7 19. Qa6 Nxd5 20. exd5 Rc7 21.
Re4 Qc8 22. Qe2 Bf5 23. Re3 Qb7 24. Nd4 Bc8 25. Nc6 e5 26. f4 f6 27. Bh4 Bd7
28. fxe5 dxe5 29. Nb4 a5 30. Na6 Rcc8 31. d6 Red8 32. Nc7 Be8 33. Rxe5 fxe5 34.
Bxd8 Rxd8 35. Ne6 Rd7 36. Nxg7 Rxg7 37. Qxe5 Bc6 38. Qe6+ Qf7 39. Qc8+ Qe8 40.
Qg4 Qe3+ 41. Kh1 Rf7 42. h3 Kg7 43. d7 h5 0-1

[Event "7. Rilton Cup 2007/2008"]
[Site "Stockholm SWE"]
[Date "2008.01.05"]
[Round "9.16"]
[White "Dimitrijevic, Radmilo"]
[Black "Nithander, Victor"]
[Result "1/2-1/2"]
[PlyCount "68"]
[EventDate "2007.12.27"]
[EventType "swiss"]
[EventRounds "9"]
[EventCountry "SWE"]
[Source "lmi"]
[SourceDate "2008.12.27"]
[WhiteElo "2070"]
[BlackElo "2367"]

1. e4 g6 2. d4 Bg7 3. g3 d6 4. Bg2 Nd7 5. Be3 c5 6. c3 Ngf6 7. h3 O-O 8. Ne2
Rb8 9. O-O b6 10. f4 Bb7 11. Nd2 e6 12. Qa4 a6 13. Rad1 Qc7 14. Rc1 Rfd8 15.
Kh2 b5 16. Qb3 Nb6 17. g4 Nc4 18. Nxc4 bxc4 19. Qc2 Bc6 20. Ng3 Rb5 21. Rf2 Qb7
22. Rb1 cxd4 23. cxd4 h5 24. g5 h4 25. gxf6 hxg3+ 26. Kxg3 Bxf6 27. e5 Bxg2 28.
Rxg2 dxe5 29. fxe5 Bxe5+ 30. dxe5 Rd3 31. Kh2 Qe4 32. Bg1 Rxe5 33. Kh1 Rxh3+
34. Bh2 Rxh2+ 1/2-1/2

[Event "7. Rilton Cup 2007/2008"]
[Site "Stockholm SWE"]
[Date "2008.01.05"]
[Round "9.19"]
[White "Ruck, Tamas"]
[Black "Andersson, Fredrik"]
[Result "1/2-1/2"]
[PlyCount "21"]
[EventDate "2007.12.27"]
[EventType "swiss"]
[EventRounds "9"]
[EventCountry "SWE"]
[Source "lmi"]
[SourceDate "2008.12.27"]
[WhiteElo "2343"]
[BlackElo "2229"]

1. e4 c5 2. Nf3 d6 3. d4 cxd4 4. Nxd4 Nf6 5. Nc3 Nc6 6. f3 e5 7. Nb3 Be7 8. Be3
O-O 9. Qd2 a5 10. Nd5 Nxd5 11. exd5 1/2-1/2

[Event "7. Rilton Cup 2007/2008"]
[Site "Stockholm SWE"]
[Date "2008.01.05"]
[Round "9.22"]
[White "Niemi, Mikko"]
[Black "Bejtovic, Jasmin"]
[Result "0-1"]
[PlyCount "76"]
[EventDate "2007.12.27"]
[EventType "swiss"]
[EventRounds "9"]
[EventCountry "SWE"]
[Source "lmi"]
[SourceDate "2008.12.27"]
[WhiteElo "2188"]
[BlackElo "2307"]

1. c4 e5 2. g3 g6 3. Bg2 Bg7 4. Nc3 Nc6 5. e4 Nge7 6. Nge2 O-O 7. O-O d6 8. d3
a5 9. Be3 Nd4 10. Qd2 Nec6 11. f4 Bg4 12. f5 gxf5 13. h3 Bxe2 14. Nxe2 fxe4 15.
Bxd4 exd3 16. Qxd3 exd4 17. Bxc6 bxc6 18. Rf5 Qe7 19. Nxd4 c5 20. Nf3 Rae8 21.
Re1 Qd7 22. Rf1 Qe6 23. Re1 Qg6 24. g4 Rxe1+ 25. Nxe1 Re8 26. Nf3 Qh6 27. Kg2
Qe3 28. Qd5 Qe6 29. Qc6 Qe7 30. b3 h6 31. Qd5 Qd7 32. Kg3 Re2 33. g5 Qe6 34.
Qd3 Re3 35. Qd5 c6 36. Qxe6 fxe6 37. Rf4 Be5 38. gxh6 Kh7 0-1

[Event "7. Rilton Cup 2007/2008"]
[Site "Stockholm SWE"]
[Date "2008.01.05"]
[Round "9.23"]
[White "Karlsson, Tomas"]
[Black "Dede, Erno"]
[Result "1/2-1/2"]
[PlyCount "24"]
[EventDate "2007.12.27"]
[EventType "swiss"]
[EventRounds "9"]
[EventCountry "SWE"]
[Source "lmi"]
[SourceDate "2008.12.27"]
[WhiteElo "2249"]
[BlackElo "2273"]

1. e4 Nf6 2. Nc3 d5 3. exd5 Nxd5 4. Bc4 c6 5. Qf3 Nf6 6. Nge2 Bg4 7. Qg3 e6 8.
d3 Bd6 9. Bf4 Bxf4 10. Qxf4 Bxe2 11. Nxe2 O-O 12. O-O Nbd7 1/2-1/2

[Event "7. Rilton Cup 2007/2008"]
[Site "Stockholm SWE"]
[Date "2008.01.05"]
[Round "9.24"]
[White "Meskovs, Nikita"]
[Black "Angskog, Kent"]
[Result "1-0"]
[PlyCount "57"]
[EventDate "2007.12.27"]
[EventType "swiss"]
[EventRounds "9"]
[EventCountry "SWE"]
[Source "lmi"]
[SourceDate "2008.12.27"]
[WhiteElo "2085"]
[BlackElo "2271"]

1. d4 g6 2. c4 Bg7 3. Nf3 d6 4. Nc3 Bg4 5. Bg5 h6 6. Bh4 c6 7. e3 Qb6 8. Qd2
Bxf3 9. gxf3 Nf6 10. Bd3 Nbd7 11. f4 e5 12. c5 Qa5 13. b4 Qxb4 14. Rb1 Qa5 15.
fxe5 dxe5 16. Rxb7 O-O-O 17. Rb3 exd4 18. exd4 Rde8+ 19. Kf1 Re6 20. Bc4 Rhe8
21. Kg2 g5 22. Bg3 R8e7 23. Rhb1 Nd5 24. Nxd5 Qxd2 25. Ba6+ Kd8 26. Bc7+ Ke8
27. Rb8+ Nxb8 28. Rxb8+ Kd7 29. Rd8# 1-0

[Event "7. Rilton Cup 2007/2008"]
[Site "Stockholm SWE"]
[Date "2008.01.05"]
[Round "9.25"]
[White "Soderberg, Per"]
[Black "Hedman, Erik"]
[Result "0-1"]
[PlyCount "128"]
[EventDate "2007.12.27"]
[EventType "swiss"]
[EventRounds "9"]
[EventCountry "SWE"]
[Source "lmi"]
[SourceDate "2008.12.27"]
[WhiteElo "2205"]
[BlackElo "2396"]

1. e4 c5 2. Nf3 d6 3. c3 Nf6 4. h3 Nc6 5. Bd3 d5 6. exd5 Qxd5 7. Qe2 h6 8. O-O
Bf5 9. Bxf5 Qxf5 10. Qb5 O-O-O 11. d4 e5 12. dxe5 Nxe5 13. Nxe5 Qxe5 14. Nd2
Bd6 15. Nf3 Qh5 16. b4 a6 17. Qa4 Ne4 18. bxc5 Nxc5 19. Qc2 Rhe8 20. Be3 Re6
21. Rab1 Rg6 22. Bxc5 Bxc5 23. Qe4 Qd5 24. Rfe1 Qxe4 25. Rxe4 Rb6 26. Rbe1 Rb2
27. R4e2 Rxe2 28. Rxe2 Rd3 29. Rc2 Rd1+ 30. Kh2 Kc7 31. Kg3 Bd6+ 32. Kg4 g6 33.
Nd2 f5+ 34. Kf3 g5 35. Nc4 Bc5 36. Ne3 Bxe3 37. Kxe3 Kc6 38. f4 Kc5 39. fxg5
hxg5 40. h4 gxh4 41. Rf2 Kc4 42. Rxf5 Kxc3 43. Rc5+ Kb2 44. a4 Re1+ 45. Kf3
Rf1+ 46. Ke3 Kb3 47. Rc7 b5 48. axb5 axb5 49. Rh7 Rh1 50. g4 h3 51. Kf2 h2 52.
g5 Rg1 53. Rxh2 Rxg5 54. Ke3 Rd5 55. Rh8 b4 56. Rb8 Kc3 57. Rc8+ Kb2 58. Rc7 b3
59. Rc8 Kb1 60. Ke2 b2 61. Rc7 Ka2 62. Ra7+ Kb3 63. Rb7+ Kc3 64. Rb8 Rd4 0-1